| 000 | 00720cam a2200241 a 4500 | ||
|---|---|---|---|
| 001 | 000008951 | ||
| 005 | 20200929161441.0 | ||
| 008 | 950127s1994 mx 000 f spa d | ||
| 020 | _a9681902238 | ||
| 040 |
_aDO-SdBNP _cCoU _dPrRU _dDLC |
||
| 082 |
_aM863.44 _bF954d |
||
| 100 | 1 |
_aFuentes, Carlos, _d1928- _99774 |
|
| 245 | 1 | 0 |
_aDos educaciones : _blas buenas conciencias zona sagrada / _cCarlos Fuentes. |
| 260 |
_aMéxico : _bAlfaguara, _c1994. |
||
| 300 |
_a298 p. ; _c24 cm. |
||
| 490 | 1 |
_aLa edad del tiempo _v8 |
|
| 650 | 4 |
_aNovela mexicana _93959 |
|
| 650 | 4 |
_aLiteratura mexicana _91922 |
|
| 830 | 0 |
_aLa edad del tiempo ; _v8 _923544 |
|
| 910 | _aCatalogación por copia / LC | ||
| 910 | _aWM | ||
| 049 | _aBNGR | ||
| 999 |
_c8716 _d8716 |
||